Le nostre mamme. (Record n. 98628)
[ formato base ]
| 000 -LEADER | |
|---|---|
| fixed length control field | 00472nam a22001697a 4500 |
| 003 - CONTROL NUMBER IDENTIFIER | |
| control field | IT-RoPau |
| 005 - DATE AND TIME OF LATEST TRANSACTION | |
| control field | 20220918181107.0 |
| 008 - FIXED-LENGTH DATA ELEMENTS--GENERAL INFORMATION | |
| fixed length control field | 130527b xxu||||| |||| 00| 0 eng d |
| 040 ## - CATALOGING SOURCE | |
| Transcribing agency | IT-RoPau |
| 245 ## - TITLE STATEMENT | |
| Title | Le nostre mamme. |
| Remainder of title | Antologia minima |
| 250 ## - EDITION STATEMENT | |
| Edition statement | 1° ed |
| 260 ## - PUBLICATION, DISTRIBUTION, ETC. (IMPRINT) | |
| Place of publication, distribution, etc. | s.l. |
| Name of publisher, distributor, etc. | SSP |
| Date of publication, distribution, etc. | 1967 |
| 300 ## - PHYSICAL DESCRIPTION | |
| Extent | 117 pp. |
| Dimensions | 21,5 cm |
| 490 ## - SERIES STATEMENT | |
| Series statement | Ed. Scolastiche San Paolo |
| 520 ## - SUMMARY, ETC. | |
| Summary, etc. | Indice<br/><br/>Anche Dio ha una mamma<br/>L'incanto<br/>La lontananza<br/>Il rimpianto |
| 942 ## - ADDED ENTRY ELEMENTS (KOHA) | |
| Source of classification or shelving scheme | Dewey Decimal Classification |
| Koha item type | LIBRO |
| Withdrawn status | Lost status | Source of classification or shelving scheme | Damaged status | Not for loan | Home library | Current library | Date acquired | Total Checkouts | Full call number | Barcode | Date last seen | Price effective from | Koha item type |
|---|---|---|---|---|---|---|---|---|---|---|---|---|---|
| Dewey Decimal Classification | Buone Condizioni | Not For Loan | PAULUS-BIBLIOTECA | PAULUS-BIBLIOTECA | 27/05/2013 | P D1 | OMFP 24 | 27/05/2013 | 27/05/2013 | LIBRO |